Central Library OPAC University of Rajshahi

অরণ্যের ভিতরে পা / (Record no. 48728)

MARC details
000 -LEADER
fixed length control field 00817nam a2200229 a 4500
001 - CONTROL NUMBER
control field 48728
003 - CONTROL NUMBER IDENTIFIER
rucl marc code BD-RjUL
005 - DATE AND TIME OF LATEST TRANSACTION
control field 20211209054556.0
008 - FIXED-LENGTH DATA ELEMENTS--GENERAL INFORMATION
fixed length control field 160816s1983 BG |||| |||| 00| 0 ben d
020 ## - INTERNATIONAL STANDARD BOOK NUMBER
Terms of availability :TK. 15.00
035 ## - SYSTEM CONTROL NUMBER
System control number (BD-RjUL)48847
040 ## - CATALOGING SOURCE
Original cataloging agency BD-RjUL
Language of cataloging ben
Transcribing agency BD-RjUL
041 ## - LANGUAGE CODE
Language code of text/sound track or separate title ben
082 ## - DEWEY DECIMAL CLASSIFICATION NUMBER
Edition number 23
Classification number 891.441
Author mark and year SOA 1983
100 1# - MAIN ENTRY--PERSONAL NAME
Personal name সোমা, হোমায়েরা নাজনীন
9 (RLIN) 147021
245 10 - TITLE STATEMENT
Title অরণ্যের ভিতরে পা /
Statement of responsibility, etc. হোমায়েরা নাজনীন সোমা
260 ## - PUBLICATION, DISTRIBUTION, ETC. (IMPRINT)
Place of publication, distribution, etc. রাজশাহী :
Name of publisher, distributor, etc. শুভ্রা প্রকাশনী,
Date of publication, distribution, etc. ১৯৮৩
300 ## - PHYSICAL DESCRIPTION
Pagination ৭০ পৃ ;
Size ২১ সেমি.
650 ## - SUBJECT ADDED ENTRY--TOPICAL TERM
Topical term or geographic name as entry element বাংলা কবিতা
9 (RLIN) 146440
Topical term or geographic name as entry element Bengali Poetry
9 (RLIN) 146441
942 ## - ADDED ENTRY ELEMENTS (KOHA)
Source of classification or shelving scheme Dewey Decimal Classification
Koha item type Books
Holdings
Lost status Source of classification or shelving scheme Damaged status Not for loan Collection code Permanent Location Current Location Shelving location Date acquired Source of acquisition Cost, normal purchase price Total Checkouts Full call number Date last seen Copy number Koha item type
  Dewey Decimal Classification     Non-fiction Central Library, University of Rajshahi Central Library, University of Rajshahi   02/02/1984 Anoower Rahman 15.00   B 891.441 SOA 1983 16/08/2016 C-2 Books
  Dewey Decimal Classification     Non-fiction Central Library, University of Rajshahi Central Library, University of Rajshahi   02/02/1984 Anoower Rahman 15.00   B 891.441 SOA 1983 16/08/2016 C-3 Books
  Dewey Decimal Classification     Non-fiction Central Library, University of Rajshahi Central Library, University of Rajshahi   02/02/1984 Anoower Rahman 15.00   B 891.441 SOA 1983 16/08/2016 C-4 Books